000 00446nam a2200169Ia 4500
003 LK-CoDNM
008 010623t xxu||||| |||| 00| 1 sin d
040 _aLK-CoDNM
_dLK-CoDNM
_eLK-CoDNM
041 _asin
080 _a159.9 SAM
100 _aSamarasingha,Sumanadasa.
245 _aස්වයං යෝජනා ගැටළු
246 _aSvayan Yoojana Getalu
260 _bChitta Dharma Viddaya
300 _b77p., 10 cm
942 _cBK
999 _c142328
_d142328